[Event "1st Regina Cattolica Open 2019"]
[Site "Cattolica"]
[Date "2019.06.14"]
[Round "1.1"]
[White "Vovk, Yuri"]
[Black "Imburgia, Giuseppe"]
[Result "1-0"]
[WhiteElo "2586"]
[BlackElo "2041"]
[Annotator "TA"]
[PlyCount "55"]
[EventDate "2019.06.14"]
[EventType "swiss"]
[EventCountry "ITA"]
[SourceTitle "playchess.com"]
[Source "ChessBase"]
[SourceQuality "1"]

{[%evp 11,55,41,48,21,27,29,25,32,70,37,49,35,135,133,229,229,225,222,311,307,293,289,307,295,312,317,293,303,293,308,314,316,309,289,275,291,286,301,286,292,277,280,1238,1231,29992,29993]} 1. e4 c5 2. Nf3 e6 3. d4 cxd4 4. Nxd4 Nc6 5. Nc3 Qc7 6. Be3 a6 7. Qf3 {B48: Sicilian: Taimanov: 5 Nc3 Qc7 6 Be3 a6 without Be2} Nf6 8. O-O-O Be7 (8... Ne5 9. Qg3 b5 10. a3 Bb7 11. Bxb5 Rc8 12. Ba4 Nxe4 13. Nxe4 Bxe4 14. Bf4 Qa5 15. Bxe5 Qxa4 {1-0 (66) Vachier Lagrave,M (2778)-Harikrishna,P (2729) Germany 2019}) 9. Be2 {White has an edge.} O-O 10. g4 Ne5 11. Qg3 d6 (11... b5 $14) 12. g5 $36 {[%mdl 2048] White has strong initiative.} Nfd7 (12... Ne8 $16 {was worth a try.}) 13. f4 $18 Nc4 14. Nf5 Ndb6 $146 (14... exf5 15. Nd5 $18) (14... Bd8 $142) ({Predecessor:} 14... exf5 15. Nd5 {1-0 (23) Balcerak,J (2330)-Schoeneberg,M (2345) Germany 1999}) 15. Nxe7+ Qxe7 16. Bf2 Bd7 17. b3 Rfc8 18. bxc4 Nxc4 19. Rd4 d5 20. Bxc4 ({Not} 20. exd5 Qa3+ 21. Kd1 Nd6 $16) 20... Qa3+ 21. Kd2 Rxc4 22. Rxc4 ({Resist} 22. exd5 exd5 23. Re1 (23. Nxd5 Qa5+ 24. Nc3 Rxd4+ 25. Bxd4 b5 $18) 23... Rac8) 22... dxc4 23. Rd1 b5 {and the idea ...b4 leaves Black hopeful.} 24. Ne2 Qa5+ 25. Qc3 b4 26. Qe5 Bb5 $2 (26... Qxe5 27. fxe5 Bc6) 27. Bd4 {[%csl Gd4][%cal Re5g7]} b3+ {[#]} 28. Ke3 $1 {Accuracy: White = 77%, Black = 53%.} 1-0

[Event "1st Regina Cattolica Open 2019"]
[Site "Cattolica"]
[Date "2019.06.14"]
[Round "1.2"]
[White "Piccinno, Matteo"]
[Black "Repka, Christopher"]
[Result "0-1"]
[WhiteElo "2035"]
[BlackElo "2482"]
[Annotator "TA"]
[PlyCount "48"]
[EventDate "2019.06.14"]
[EventType "swiss"]
[EventCountry "ITA"]
[SourceTitle "playchess.com"]
[Source "ChessBase"]
[SourceQuality "1"]

{[%evp 24,48,-4,-4,-11,-17,0,-103,-18,13,45,-24,0,-69,-16,-148,-17,-427,-420,-632,-536,-782,-778,-858,-855,-29993,-29991]} 1. e4 e5 2. Nf3 Nc6 3. Bc4 Nf6 4. d4 exd4 5. e5 d5 6. Bb5 Ne4 7. Nxd4 Bd7 8. Bxc6 bxc6 9. O-O Be7 10. f3 Nc5 11. Nc3 O-O 12. f4 f6 13. Be3 fxe5 {C56: Two Knights: 4 d4 exd4 5 0-0 Nxe4} 14. fxe5 Ne6 (14... Qe8 15. Qd2 Qh5 16. Nxc6 Bxc6 17. Nxd5 Qxe5 18. Nxe7+ Qxe7 19. Rxf8+ Rxf8 20. Qd4 Ne6 21. Qc4 Qd6 22. Bxa7 Bd5 23. Qd3 Nf4 24. Qd2 Qa6 25. Be3 Ne2+ 26. Kh1 Bxg2+ 27. Kxg2 Qc6+ {0-1 (27) Zelcic,R (2528)-Fodor,T (2451) Schwarzach 2013}) 15. Qg4 {[#]} (15. Rxf8+ $11 Qxf8 16. Qd3) 15... Nxd4 (15... Bc5 $1 $17 {Threatens to win with ...Nxd4.} 16. Nxe6 Bxe3+ 17. Kh1 Qe7) 16. Qxd4 Rb8 $146 ({Predecessor:} 16... Be6 17. Rxf8+ Bxf8 18. Na4 Bf5 19. Qd2 Qe7 20. Bd4 Qe6 21. Rf1 {1-0 (51) Winter,I (2025)-Von Hoesslin,H Bad Woerishofen 1991}) 17. a3 (17. Rxf8+ $14 Kxf8 18. Rf1+ Kg8 19. b3) 17... Bf5 $11 18. Rfc1 (18. Rf2 $11) 18... Qe8 ({Better is} 18... Qd7 $15) 19. Na4 (19. Ne2 $11 {keeps the balance.}) 19... Be4 (19... Qg6 $17 {...Be4 is the strong threat.} 20. Qd2 Qg4) 20. b4 $2 {[%mdl 8192] [#]} (20. Nc3 $11 {and White has nothing to worry.}) 20... Qg6 $1 $19 {[%csl Ge4,LRc2,LRg2][%cal Rg6g2][%mdl 512]} 21. Qd2 (21. g3 $142 Bxc2 22. Nc3) 21... Rf3 22. Re1 Rbf8 {Hoping for ...Rf2!} 23. Re2 Bh4 24. g4 Rxe3 {Accuracy: White =  8%, Black = 28%.} 0-1

[Event "1st Regina Cattolica Open 2019"]
[Site "Cattolica"]
[Date "2019.06.15"]
[Round "1.3"]
[White "Kjartansson, Gudmundur"]
[Black "Tonetto, Federico"]
[Result "1-0"]
[WhiteElo "2459"]
[BlackElo "2033"]
[Annotator "TA"]
[PlyCount "117"]
[EventDate "2019.06.14"]
[EventType "swiss"]
[EventCountry "ITA"]
[SourceTitle "playchess.com"]
[Source "ChessBase"]
[SourceQuality "1"]

{[%evp 20,117,37,31,43,39,62,33,64,31,47,42,48,24,63,54,57,58,64,39,79,18,64,63,50,52,65,58,126,129,128,93,54,9,13,13,24,11,64,64,71,64,64,64,64,66,91,45,49,26,173,170,195,192,162,194,196,190,175,126,466,117,293,250,2003,1975,1896,1855,1597,1556,963,139,116,0,864,105,112,101,103,107,103,99,155,141,210,166,298,350,352,165,473,473,435,329,1143,1133,4610,4602,29968,707]} 1. Nf3 Nf6 2. c4 g6 3. g3 Bg7 4. Bg2 O-O 5. O-O d6 6. d4 Nbd7 7. Nc3 e5 8. e4 exd4 9. Nxd4 Re8 10. Qc2 a6 11. Rd1 Rb8 {E60: King's Indian: Unusual lines and Fianchetto Variation without Nc3} 12. Bf4 (12. h3 c6 13. Bf4 Ne5 14. c5 Bf8 15. cxd6 Bxd6 16. Bxe5 Rxe5 17. Nf3 Qe7 18. Nxe5 Bxe5 19. Ne2 Be6 20. Rac1 {1-0 (35) Kovalenko,I (2700)-Maze,S (2582) Berlin 2015}) 12... Qe7 13. b3 Nc5 $146 {[%cal Rf6e4] White is slightly better.} ({Predecessor:} 13... Ne5 14. Nd5 Qd8 15. h3 c5 16. Ne2 Nxd5 17. Rxd5 Be6 18. Rdd1 b5 19. cxb5 axb5 {0-1 (56) Harutjunyan,G (2475)-Ahmadinia,E (2343) Mashhad 2010}) 14. f3 Ne6 15. Nxe6 Bxe6 16. Rac1 Rbc8 17. Bg5 Qf8 18. Qd2 Nd7 19. Be3 Ne5 20. Nd5 (20. f4 $16 Nc6 21. Qe2) 20... b6 21. Kh1 h6 22. h3 Kh7 23. g4 Bd7 (23... a5 $14) 24. f4 $16 Nc6 25. e5 dxe5 26. Nxb6 (26. f5 $5) 26... cxb6 27. Qxd7 exf4 28. Bxf4 Red8 (28... Nd4 $11) 29. Qb7 $14 {[%mdl 64] Double Attack} Nd4 30. Rf1 {Threatens to win with Be5!} (30. Qxa6 $6 Ne2 $11) 30... Ne2 31. Rce1 Nxf4 32. Rxf4 f6 33. Bd5 Re8 34. Rxe8 Qxe8 (34... Rxe8 $11 35. Qxb6 Re2) 35. Re4 $18 Qf8 36. Re7 $1 {[%cal Re7g7]} (36. Qxa6 $6 f5 $11) 36... Re8 37. Rf7 $1 {[%cal Rf7f8]} Qh8 38. h4 (38. Qxa6 $6 Re1+ 39. Kg2 Qe8 $16) 38... h5 39. gxh5 {Qd7 is the strong threat.} ({Wrong is} 39. Qxa6 $2 Re1+ 40. Kg2 Qe8 $19) 39... gxh5 $2 {[%mdl 8192]} (39... Re5 $16) 40. c5 $2 (40. Be4+ $18 {and the rest is easy.} Kh6 41. Qd5 Rxe4 42. Qxe4) 40... bxc5 $2 (40... Kh6 $16) 41. Bc4 ({Weaker is} 41. Qxa6 Re1+ 42. Kg2 Qe8 $16) 41... Kh6 $2 (41... Re3 42. Kg2 Kh6) 42. Qf3 $1 {White threatens Bd3 and mate.} Re1+ 43. Kg2 {White wants to mate with Bd3.} Qe8 44. Qf4+ Kh7 45. Qf5+ $2 (45. Qg3 $1 $18 {[%csl Gf7][%cal Rg3g7]} Re2+ 46. Kf1 $1 {[%mdl 512]} Re1+ 47. Qxe1 Qxe1+ 48. Kxe1) 45... Kh6 $16 46. Qf4+ $4 {[%mdl 8192]} (46. Bd3 $16 Re2+ 47. Bxe2 Qxf7 48. Bd3 (48. Qxc5 Qg6+ 49. Kh3 f5 $14)) 46... Kh7 $18 47. Bd3+ $2 (47. Qg3 $1 $18 {[%csl Gf7][%cal Rg3g7] is the precise move to win.} Re2+ 48. Kf1 $1 {[%mdl 512]} Re1+ 49. Qxe1 Qxe1+ 50. Kxe1) 47... Kh8 $16 48. Rb7 $40 {[%mdl 128] Hoping for Rb8! White attacks with force.} Qc6+ 49. Qf3 Qxf3+ 50. Kxf3 {[%mdl 4096] Endgame aiming for Rb8+. KRB-KRB} Re8 (50... c4 $142 51. bxc4 Kg8) 51. Bxa6 Bh6 (51... Ra8 $16) 52. a4 Bd2 (52... c4 {might work better.}) 53. Rd7 $18 Be1 54. Bd3 (54. Bc4 $142) 54... Kg8 $2 (54... c4 {is tougher.}) 55. Bc4+ Kh8 56. Rf7 Bxh4 $2 (56... f5 57. Ra7 Bxh4) 57. a5 Ra8 58. a6 f5 59. a7 {Accuracy: White = 51%, Black = 29%.} (59. Kf4 $142 Rc8 60. a7 Bf2 61. Kxf5 Be1 {[#]} 62. Rc7 $1 {[%mdl 512]} Rd8 63. a8=Q Rxa8 64. Kg6) 1-0

[Event "1st Regina Cattolica Open 2019"]
[Site "Cattolica"]
[Date "2019.06.15"]
[Round "1.4"]
[White "Tramalloni, Luca"]
[Black "Gilevych, Artem"]
[Result "0-1"]
[WhiteElo "2008"]
[BlackElo "2448"]
[Annotator "TA"]
[PlyCount "106"]
[EventDate "2019.06.14"]
[EventType "swiss"]
[EventCountry "ITA"]
[SourceTitle "playchess.com"]
[Source "ChessBase"]
[SourceQuality "1"]

{[%evp 9,106,25,31,18,29,17,19,21,26,26,33,0,0,-10,0,-27,33,20,18,15,70,67,106,39,39,49,55,0,0,-1,0,0,0,-38,-37,-29,-30,-20,131,128,122,123,168,0,112,26,31,33,33,34,34,4,7,7,26,18,50,12,61,10,70,6,24,18,46,54,43,25,22,16,32,0,9,0,0,0,16,0,0,0,0,-14,-15,-59,-71,-243,-242,-245,-243,-268,-266,-371,-262,-305,-301,-316,-280,-271,-256]} 1. d4 d5 2. Nf3 Nf6 3. c4 dxc4 4. e3 a6 5. Bxc4 b5 6. Be2 {D25: Queen's Gambit Accepted: 4 e3: sidelines and 4...Bg4} Bb7 7. O-O e6 8. Nbd2 {The position is equal.} (8. a4 b4 9. b3 Nbd7 10. Bb2 c5 11. Nbd2 Be7 12. Nc4 O-O 13. Nfe5 Rc8 14. Bf3 Bd5 15. Rc1 Rc7 16. Qe2 Bxf3 17. Qxf3 Qa8 18. Qxa8 Rxa8 19. Nd3 cxd4 20. Bxd4 {0-1 (70) Postny,E (2612)-Yu,Y (2765) Porto Carras 2018}) 8... c5 9. dxc5 Bxc5 10. Nb3 Bd6 11. Bd2 Nbd7 $146 ({Predecessor:} 11... Nc6 12. Bc3 O-O 13. Bxf6 gxf6 14. Rc1 Qe7 15. Nfd4 Nxd4 16. Nxd4 {1-0 (35) Adler,J (2279)-Hirschberg,V (2295) Baden 2013}) 12. Rc1 Ne4 (12... O-O $11) 13. Ba5 Qb8 14. Qc2 Qa7 (14... Bd5 $11) 15. Nfd4 $14 Bd5 16. Rfd1 (16. Qc8+ $16 Rxc8 17. Rxc8+ Ke7 18. Rxh8) 16... O-O 17. Nc6 Qb7 {Strongly threatening ...Rac8.} 18. f3 (18. Bc7 $14) 18... Nef6 {Threatens to win with ...Rac8.} 19. Nb4 Rac8 20. Qd2 Qb8 21. Nxa6 Bxh2+ 22. Kh1 Qg3 $1 {[%cal Rg3h4]} 23. Qe1 $1 ({Avoid the trap} 23. Bxb5 $2 Qh4 $19) 23... Ra8 $2 (23... Bc4 $11 24. Qxg3 Bxg3 25. Bxc4 bxc4) 24. Qxg3 $1 $16 ({Stronger than} 24. Bxb5 Qg5 $17) 24... Bxg3 25. Bxb5 Nb8 {[#]} 26. Nbc5 $2 (26. Nc7 $1 $18 {[%cal Rc7a8]} Bxb3 27. Nxa8 Bxd1 28. Rxd1) 26... Bxa2 {[#]} (26... Nxa6 $11 {keeps the balance.} 27. Bxa6 Bd6) 27. Be1 ({White should play} 27. b4 $1 $16) 27... Bxe1 $11 28. Rxe1 Nxa6 29. Nxa6 Bb3 30. Rc3 Ba4 31. Bf1 Rfd8 32. b4 Nd5 33. Ra3 Nb6 34. Rea1 (34. b5 $14) 34... Rac8 (34... Be8 $11) 35. Nc5 (35. b5 $1 $14) 35... Bc6 36. e4 g5 37. Ra6 Rb8 38. Rb1 Be8 39. Ra5 h6 $1 40. Bb5 Rd2 41. Bxe8 Rxe8 42. Nb3 Re2 43. Rc5 g4 44. Rc6 Rb8 45. Kg1 Nd7 46. Rc7 Ne5 $1 47. fxg4 $2 (47. Nd4 $17 Rd2 48. Nb3) 47... Rxb4 $19 {And now ...Re3 would win.} 48. Rc3 Nxg4 49. Ra1 Rbxe4 {( -> ...Re1+)} 50. Kf1 Rf2+ 51. Kg1 {Black has a decisive advantage.} Rb2 {aiming for ...Ne3.} 52. Rg3 h5 53. Nc5 Re3 {Accuracy: White = 38%, Black = 45%.} 0-1

[Event "1st Regina Cattolica Open 2019"]
[Site "Cattolica"]
[Date "2019.06.14"]
[Round "1.5"]
[White "Laketic, Gojko"]
[Black "Cayla, Jonathan"]
[Result "1-0"]
[WhiteElo "2387"]
[BlackElo "1997"]
[Annotator "TA"]
[PlyCount "33"]
[EventDate "2019.06.14"]
[EventType "swiss"]
[EventCountry "ITA"]
[SourceTitle "playchess.com"]
[Source "ChessBase"]
[SourceQuality "1"]

{[%evp 24,33,49,6,43,30,433,138,29994,29995,29995,29996]} 1. d4 d5 2. c4 dxc4 3. Nf3 Nf6 4. e3 e6 5. Bxc4 c5 6. O-O a6 7. a4 Nc6 8. Qe2 cxd4 9. Rd1 Be7 10. exd4 O-O 11. Nc3 Nb4 12. Ne5 Nfd5 13. Ne4 b6 {D27: Queen's Gambit Accepted: Classical main line: 7 e4!? and 7 a4} (13... Bd7 14. Ra3 f6 15. Nxd7 Qxd7 16. Rh3 Rf7 17. Bb3 Rc8 18. Bd2 Nc6 19. Nc3 g6 20. Bc1 Bb4 21. Bc2 Bxc3 22. bxc3 {½-½ (65) Swayams,M (2463)-Amin,B (2655) Dubai 2016}) 14. Ra3 {Threatens to win with Qh5.} Bb7 $2 {[%mdl 8192]} (14... f6 $11 15. Rh3 Qe8) 15. Rg3 $2 (15. Rh3 $18 {is the precise move to win. Black must now prevent Qh5.} Nf6 16. Nxf6+ Bxf6 {[#]} 17. d5 $1 {[%mdl 512]} (17. Qh5 Be4 $18) 17... Bxe5 18. dxe6) 15... Re8 $146 {[%mdl 8192] [#]} (15... g6 $16) ({Predecessor:} 15... Kh8 16. Qh5 Qe8 17. Rh3 {1-0 (17) Cowley,R (2104)-Hill,S (1475) Adelaide 2005}) 16. Rxg7+ $1 {[%mdl 512]} Kxg7 17. Qg4+ 1-0

[Event "1st Regina Cattolica Open 2019"]
[Site "Cattolica"]
[Date "2019.06.14"]
[Round "1.6"]
[White "Ghods, Maziar"]
[Black "Drazic, Sinisa"]
[Result "0-1"]
[WhiteElo "1992"]
[BlackElo "2365"]
[Annotator "TA"]
[PlyCount "84"]
[EventDate "2019.06.14"]
[EventType "swiss"]
[EventCountry "ITA"]
[SourceTitle "playchess.com"]
[Source "ChessBase"]
[SourceQuality "1"]

{[%evp 9,84,4,17,0,14,15,28,20,44,39,38,40,35,36,38,27,27,27,25,18,22,26,51,39,60,29,27,25,23,10,23,23,32,0,35,19,123,33,29,5,33,0,0,0,0,0,0,0,0,0,0,0,0,0,0,0,0,0,0,-227,-203,-207,-210,-184,-101,-133,-140,-183,-91,-95,-98,-681,-681,-1504,-1400,-1337,-1203]} 1. d4 Nf6 2. Bg5 d6 3. Bxf6 exf6 4. e3 g6 5. h4 (5. c4 Bg7 6. Nc3 f5 7. g3 Nd7 8. Bg2 O-O 9. Nge2 Re8 10. b4 Nf6 11. Qd3 c6 12. b5 Bd7 13. O-O Qa5 14. Rab1 Rac8 15. a4 Be6 16. Rfc1 Nd7 17. Nf4 {1-0 (42) Laznicka,V (2676)-Mista,A (2589) Germany 2015}) 5... h5 6. Ne2 $146 {A45: Trompowsky Attack} ({Predecessor:} 6. g3 f5 7. Bg2 Nd7 8. Ne2 Nf6 9. c4 Bh6 10. Nbc3 O-O 11. Qd3 Re8 12. Kf1 c6 {½-½ (37) Sedlak,N (2556)-Popovic,D (2548) Jahorina 2012}) 6... c6 7. c4 Qb6 8. Qd2 {White has an edge.} Na6 9. Nbc3 Bg7 10. Nf4 Bf5 11. Bd3 {And now Bxf5 would win.} Bxd3 12. Nxd3 f5 13. g3 O-O 14. Rc1 Rfe8 15. O-O Re7 16. Rfd1 Qd8 17. b3 Nc7 18. Nf4 Ne8 19. Qc2 Nf6 20. b4 Bh6 21. d5 Bxf4 22. exf4 ({Don't play} 22. gxf4 Ng4 $17) 22... Ne4 (22... cxd5 $11 {remains equal.} 23. Nxd5 Re6) 23. dxc6 (23. Nxe4 $16 Rxe4 24. c5) 23... bxc6 $14 24. b5 Qc7 25. bxc6 {Threatens to win with Nd5.} (25. a4 {seems wilder.} Rae8 26. Qd3 Nc5 27. Qf3 Rc8 28. Kg2) 25... Nxc3 26. Qxc3 {Strongly threatening c5.} Qxc6 27. Rd5 Re6 28. Rcd1 Rae8 {[%cal Ba8e8,Be8e1,Be1g1][%mdl 32]} 29. Kh2 Re2 30. Kg1 {[#]} Qb6 $1 {[%mdl 512]} 31. Qd4 Re1+ 32. Rxe1 Rxe1+ $11 {[%mdl 4096] Endgame KQR-KQR} 33. Kg2 Qb7 34. Qf6 $2 (34. a3 $11 {and White has nothing to worry.}) 34... Qb1 $1 $19 {[%cal Rb1e4]} 35. Qd4 Rg1+ 36. Kf3 {[#]} Qb7 ({Worse is} 36... Qxa2 37. Rxd6 Qb3+ 38. Qd3 $11) (36... Rd1 $1 $19 {[%cal Rd1d4][%mdl 512]} 37. Rb5 (37. Qxd1 Qe4#) 37... Qxb5 38. Qxd1 Qxc4) 37. Qf6 {[#]} Rc1 $1 {[%cal Rc1c4]} 38. Qd8+ Kg7 (38... Kh7 $19 39. Qxd6 Rxc4) 39. Qxd6 $17 Rxc4 $40 {[%mdl 128] Black has strong attack.} 40. Ke3 $2 {[%mdl 8192] [#]} (40. Kg2 $17) 40... Qb1 $1 $19 {[%cal Rb1e4] ( -> ...Qe4+). Black is clearly winning.} 41. Qe5+ Kh7 42. Kf3 Qh1+ {Accuracy: White = 41%, Black = 55%.} 0-1

[Event "1st Regina Cattolica Open 2019"]
[Site "Cattolica"]
[Date "2019.06.15"]
[Round "1.7"]
[White "Dudin, Gleb"]
[Black "Pecci, William"]
[Result "1-0"]
[WhiteElo "2317"]
[BlackElo "1991"]
[Annotator "TA"]
[PlyCount "78"]
[EventDate "2019.06.14"]
[EventType "swiss"]
[EventCountry "ITA"]
[SourceTitle "playchess.com"]
[Source "ChessBase"]
[SourceQuality "1"]

{[%evp 19,78,0,-6,-9,0,2,39,29,59,38,48,1,14,-1,-4,-6,52,56,55,53,48,50,47,58,47,37,46,16,11,19,70,71,64,39,40,36,33,41,55,0,0,0,18,12,95,0,0,0,724,723,1021,973,1137,1115,1459,1225,29974,29975,29997,29998,29998]} 1. d4 Nf6 2. c4 e6 3. Nc3 Bb4 4. e3 O-O 5. Nge2 d5 6. a3 Be7 7. cxd5 exd5 8. Nf4 c6 9. Bd3 Nbd7 10. O-O Re8 11. Bc2 {E46: Nimzo-Indian: Rubinstein: 4 e3 0-0 5 Ne2 without early Bd3} Nf8 (11... Bd6 {feels hotter.} 12. f3 b6 13. Re1 Bb7 14. Bb3 c5) 12. f3 Ne6 (12... Bd6 {keeps more tension.} 13. e4 dxe4 14. fxe4 Bg4 15. Qd3 c5) 13. Nxe6 {[#] White is slightly better.} fxe6 $146 ({Predecessor:} 13... Bxe6 14. Qd3 g6 15. e4 c5 16. Ba4 dxe4 17. fxe4 Qxd4+ 18. Qxd4 cxd4 {0-1 (36) Swayams,M (2473)-Zhigalko,S (2671) Rome 2016}) 14. Kh1 b6 15. f4 c5 16. Qf3 Ba6 17. Rg1 b5 ({Black should play} 17... Bb7 $11) 18. dxc5 Bxc5 19. b4 Bb6 20. Bb2 Rc8 21. Rad1 Bb7 22. Bb1 a6 23. Rge1 Qe7 24. Qh3 Ne4 (24... Qf7 $11) 25. Nxe4 $14 dxe4 26. f5 exf5 $1 27. Qxf5 Rcd8 $1 28. Rxd8 Rxd8 29. Qg4 ({Better is} 29. Ba2+ $14 Kh8 30. Qh5) 29... Rf8 30. h3 Rf2 31. Bc3 Qf7 (31... Bd5 $11) 32. Be5 ({Of course not} 32. Bxe4 $6 Rf1+ 33. Rxf1 Qxf1+ 34. Kh2 Bc7+ 35. g3 Qf2+ 36. Kh1 Bxe4+ 37. Qxe4 Qf1+ 38. Kh2 Qf2+ 39. Qg2 Bxg3+ 40. Kh1 Kf8 $11) (32. Kg1 $1 $16 {aiming for Qg3.} Rf5 33. Ba2 $1 {[%mdl 512]}) 32... h5 $11 33. Qg3 {Kg1 is the strong threat.} g6 $2 {[%mdl 8192] [#]} (33... Rd2 $11) 34. Kg1 $1 $18 Rd2 35. Rf1 Qe8 36. Bc3 Rd7 37. Rf6 {[%mdl 64] Double Attack} Bc7 38. Rxg6+ Kh7 39. Rg7+ Kh8 {Accuracy: White = 60%, Black = 42%.} 1-0

[Event "1st Regina Cattolica Open 2019"]
[Site "Cattolica"]
[Date "2019.06.15"]
[Round "1.8"]
[White "Volpinari, Danilo"]
[Black "Mezentsev, Ivan"]
[Result "0-1"]
[WhiteElo "1966"]
[BlackElo "2281"]
[Annotator "TA"]
[PlyCount "88"]
[EventDate "2019.06.14"]
[EventType "swiss"]
[EventCountry "ITA"]
[SourceTitle "playchess.com"]
[Source "ChessBase"]
[SourceQuality "1"]

{[%evp 14,102,0,0,4,0,0,0,11,0,0,0,0,-12,8,-18,-22,-18,-35,-35,-35,-31,-27,-44,-21,-18,-20,-20,-11,-38,-19,-25,0,0,0,0,0,0,0,0,0,0,0,-8,0,0,0,-24,-20,-34,-25,-39,-39,-46,-31,-37,-35,-43,-46,-70,-41,-158,-135,-234,-205,-479,-239,-201,-173,-158,-117,-114,-126,-119,-127,-126,-117,-386,-343,-927,-927,-927,-911,-895,-350,-927,-919,-919,-881,-879,-806]} 1. d4 d5 2. Nf3 Nf6 3. c4 c6 4. g3 Bf5 5. Nc3 e6 6. Bg2 h6 7. O-O Be7 8. b3 O-O {D11: Slav Defence: 3 Nf3 sidelines and 3...Nf6 4 e3 Bg4} 9. Bb2 a5 10. Nd2 Nbd7 {The position is equal.} 11. e4 (11. e3 Qb6 12. Qe2 Rfe8 13. Rfc1 Rad8 14. a3 Bf8 15. Qf1 Bg6 16. h3 Qa7 17. b4 axb4 18. axb4 {1-0 (123) Nakamura,H (2769)-Caruana,F (2816) Paris 2018}) 11... dxe4 12. Ndxe4 Nxe4 13. Nxe4 Nf6 14. Qe2 a4 15. Rfd1 Nxe4 $146 ({Predecessor:} 15... axb3 16. axb3 Qb6 17. Rd3 Rxa1+ 18. Bxa1 Ra8 19. Bc3 Qxb3 20. Nd2 Bxd3 {0-1 (21) Schubert,N (1765)-Brynell,S (2434) Rostock 2017}) 16. Bxe4 Bxe4 17. Qxe4 Bf6 18. b4 Qd6 19. a3 Rfd8 20. Rac1 Rd7 21. Qe2 Rad8 22. Qc2 b5 23. Qe4 Bg5 {Hoping for ...f5.} 24. Rc2 Bf6 25. Rcc1 g6 26. Qe2 Rb8 27. Qe4 Bg7 28. Qe2 Kh7 29. Qe4 Rbd8 30. Qe2 Qb8 {[%cal Rg7d4]} 31. Qe4 Qb6 32. cxb5 cxb5 33. Rc5 Rd5 34. Qf3 Qb7 35. Qe4 R8d7 36. h4 h5 (36... e5 $5) 37. Qe3 {[#]} (37. Rd2 $15) 37... e5 $1 $17 {[%mdl 512]} 38. Rd3 (38. Qf3 $17) (38. dxe5 Rxd1+) 38... exd4 $19 39. Qe8 $2 (39. Qe4) 39... Re7 (39... Rxc5 $142 40. bxc5 b4) 40. Qc6 Qxc6 41. Rxc6 Re1+ 42. Kg2 Re2 43. Bc1 Rf5 44. Bf4 Ra2 {Played: Re2-b2} 0-1

[Event "1st Regina Cattolica Open 2019"]
[Site "Cattolica"]
[Date "2019.06.14"]
[Round "1.9"]
[White "Palozza, Christian"]
[Black "Paduano, Claudio"]
[Result "1-0"]
[WhiteElo "2225"]
[BlackElo "1959"]
[Annotator "TA"]
[PlyCount "61"]
[EventDate "2019.06.14"]
[EventType "swiss"]
[EventCountry "ITA"]
[SourceTitle "playchess.com"]
[Source "ChessBase"]
[SourceQuality "1"]

{[%evp 10,62,10,12,14,20,24,8,8,5,18,12,12,13,10,14,21,19,19,-6,0,0,5,0,12,-34,4,0,2,18,8,-110,-109,-111,-105,-156,-156,-153,-102,-99,-96,-85,-93,-129,-129,-141,-135,-133,-127,-145,0,-30,0,-29996,-1198]} 1. d4 Nf6 2. c4 e6 3. Nf3 d5 4. e3 Be7 5. b3 O-O 6. Bb2 Nbd7 {A13: English Opening: 1...e6} (6... c5 7. dxc5 dxc4 8. Nbd2 cxb3 9. Nxb3 Nbd7 10. Rc1 b6 11. c6 Nc5 12. Qxd8 Rxd8 13. Bb5 Nd3+ 14. Bxd3 Rxd3 {1-0 (81) Nakamura,H (2777)-So,W (2780) chess.com INT 2018}) 7. Bd3 c5 8. Nbd2 dxc4 {The position is equal.} 9. bxc4 cxd4 10. exd4 b6 11. O-O Bb7 12. Re1 $146 ({Predecessor:} 12. Qe2 h6 13. Ne1 Nb8 14. f4 Nc6 15. Nef3 Nb4 16. Bb1 Rc8 17. Ne5 Qc7 18. a3 Nc6 19. Ne4 Nxe5 20. Nxf6+ Bxf6 21. fxe5 {1-0 (35) Kuznicki,C-Wnuk Lipinski,P (1972) Kolobrzeg 2007}) 12... Rc8 13. Rb1 Bd6 14. Nf1 Qc7 15. Qe2 Bxf3 16. Qxf3 e5 17. Ng3 Rfe8 18. d5 Nc5 19. Bf5 Rb8 20. Bc1 (20. Rbd1 $11) 20... e4 $1 $17 {[%cal Re4f3]} 21. Qc3 Nd3 22. Re2 {[#]} (22. Nxe4 $142 Bxh2+ 23. Kf1 Nxe1 24. Nxf6+ gxf6 25. g3) 22... Nxd5 $1 {[%mdl 512]} 23. Qd4 (23. cxd5 Qxc3) 23... Bc5 (23... Nxc1 $142 24. Rxc1 Bxg3 25. hxg3 Nf6) 24. Qxd5 Rbd8 25. Bxh7+ ({Wrong is} 25. Rxe4 $2 Rxe4 26. Bxh7+ {[#]} (26. Qxe4 $2 {is the wrong capture.} Nxf2 27. Qf3 Rd1+ 28. Qxd1 Nxd1+ 29. Kf1 Qe5 $19) 26... Kh8 $1 $19 {[%mdl 512]}) 25... Kxh7 26. Qf5+ Kg8 27. Be3 Re5 $36 {[%mdl 2048] Keeping White busy.} 28. Qg4 Bxe3 29. Rxe3 Qxc4 ({Better is} 29... Rf8 $17 {Hoping for ...f5.} 30. Nh5 f5) 30. Nxe4 {aiming for Nf6+.} Qxa2 31. Nf6+ {Played: Rb1xb6} 1-0